000 00905nam a22003017i 4500
003 EG-GICUC
005 20260228114752.0
008 260205s1980 fr ||||fr|||| 000 0 fre d
040 _aEG-GiCUC
_bfre
_cEG-GiCUC
_dEG-GiCUC
_eRda
041 0 _afre
082 0 4 _221
_a341.8
_bJE . D
092 0 4 _221
099 _aLaw1 12 341.8 JE . D 1980
100 1 _a Derruppé Jean
_eAuteur
245 1 0 _aDroit international privé /
_c Derruppé Jean.
250 _aSixième édition
264 _aParis :
_bDalloz,
_c1980.
300 _a132 page ;
_c 24 cm.
336 _2rda contenu
_a texte
337 _2rda medias
_aOrdinateur
338 _2 transporteur rda
_a Ressource en ligne
546 _aTexte en français
650 1 0 _aDroit international privé
_2qrmak
651 1 _2qrmak
856 4 0 _uhttps://fll.law.cu.edu.eg/fulltext/bks/B12-01816.pdf
905 _a78
_eYara
942 _2ddc
_cBK
_e21
_n0
999 _c61191
_d61191